[Event "Portimao op"]
[Site "Portimao"]
[Date "2024.02.18"]
[Round "9"]
[White "Grigoryan, Karen H"]
[Black "Rodriguez Lopez, Rafael"]
[Result "1-0"]
[WhiteElo "2629"]
[BlackElo "2160"]
[PlyCount "127"]
[EventDate "2024.02.11"]
[EventType "swiss"]
[EventRounds "9"]
[EventCountry "POR"]
[SourceTitle "CB09_2024"]
[SourceDate "2024.02.28"]
[SourceVersion "1"]
[SourceVersionDate "2024.02.28"]
[SourceQuality "1"]

1. e4 e5 2. Nf3 Nc6 3. Bb5 a6 4. Ba4 Nf6 5. d3 d6 6. c3 g6 7. 0-0 Bg7 8. Re1 0-0 9. Nbd2 b5 10. Bc2 Nb8 11. Nf1 Bb7 12. Ng3 c5 13. d4 cxd4 14. cxd4 exd4 15. Nxd4 Nbd7 16. a4 bxa4 17. Ra2 a3 18. Rxa3 Nc5 19. Rd3 Re8 20. Rde3 Qb6 21. b3 Bh6 22. R3e2 Bxc1 23. Qxc1 Nd3 24. Bxd3 Qxd4 25. Rd1 Rac8 26. Bc4 Qe5 27. Qd2 Nxe4 28. Nxe4 Bxe4 29. Qxd6 Qxd6 30. Rxd6 Bf5 31. Kf1 a5 32. Rxe8+ Rxe8 33. Ra6 Re5 34. f4 Rc5 35. Ke2 Be4 36. g4 Bd5 37. Kd3 Bf3 38. Kd4 Rc7 39. g5 Re7 40. Rxa5 Kg7 41. Re5 Rd7+ 42. Kc5 f6 43. Re3 Bg4 44. Bd5 h6 45. h4 fxg5 46. fxg5 hxg5 47. hxg5 Rc7+ 48. Kd6 Rc1 49. b4 Rb1 50. Kc5 Rc1+ 51. Bc4 Bf5 52. b5 Rg1 53. b6 Rxg5 54. Re5 Rh5 55. b7 Rh8 56. Kd6 Kf6 57. Rb5 Rb8 58. Kc7 Rxb7+ 59. Kxb7 g5 60. Kc6 g4 61. Kd6 g3 62. Rb3 g2 63. Rg3 Be4 64. Bd5 1-0

[Event "ESP-ch 88th"]
[Site "Marbella"]
[Date "2023.10.20"]
[Round "8"]
[White "Rodriguez Lopez, Rafael"]
[Black "Martinez Fernandez, Adrian"]
[Result "0-1"]
[WhiteElo "2189"]
[BlackElo "2421"]
[PlyCount "69"]
[EventDate "2023.10.13"]
[EventType "swiss"]
[EventRounds "9"]
[EventCountry "ESP"]
[SourceTitle "Mega2024 Update 01"]
[Source "Chessbase"]
[SourceDate "2023.11.12"]
[SourceVersion "1"]
[SourceVersionDate "2023.11.12"]
[SourceQuality "1"]

1. Nf3 c5 2. c4 Nc6 3. d4 cxd4 4. Nxd4 Nf6 5. Nc3 d6 6. e4 e5 7. Nc2 Be6 8. Be2 Rc8 9. b3 Be7 10. 0-0 0-0 11. f3 Ne8 12. Be3 Bg5 13. Bf2 g6 14. Qd3 f5 15. exf5 gxf5 16. Rad1 a6 17. Nd5 Ne7 18. Bb6 Qd7 19. Nxe7+ Qxe7 20. Nb4 Qg7 21. Nd5 f4 22. Kh1 Bd8 23. Bxd8 Rxd8 24. Nc3 Rf5 25. Ne4 Rh5 26. Rf2 Kh8 27. Bf1 Qh6 28. g4 fxg3 29. Nxg3 Rg5 30. Qd2 Nf6 31. f4 Rxg3 32. fxe5 Ne4 33. Rf6 Qxf6 34. exf6 Nxd2 35. Be2 0-1

[Event "ESP-ch 88th"]
[Site "Marbella"]
[Date "2023.10.14"]
[Round "2"]
[White "Rodriguez Lopez, Rafael"]
[Black "Jimenez Fernandez, Rebeca"]
[Result "1/2-1/2"]
[WhiteElo "2189"]
[BlackElo "2053"]
[PlyCount "129"]
[EventDate "2023.10.13"]
[EventType "swiss"]
[EventRounds "9"]
[EventCountry "ESP"]
[SourceTitle "Mega2024 Update 01"]
[Source "Chessbase"]
[SourceDate "2023.11.12"]
[SourceVersion "1"]
[SourceVersionDate "2023.11.12"]
[SourceQuality "1"]

1. e4 c6 2. d4 d5 3. exd5 cxd5 4. Bd3 Nc6 5. c3 Nf6 6. h3 g6 7. Nf3 Bg7 8. 0-0 0-0 9. Bf4 Re8 10. Nbd2 Nd7 11. Re1 e5 12. dxe5 Ndxe5 13. Nxe5 Nxe5 14. Bb5 Bd7 15. Bxd7 Qxd7 16. Bxe5 Bxe5 17. Nf3 Bg7 18. Qd3 b5 19. Rxe8+ Rxe8 20. Rd1 Rd8 21. Nd4 Rb8 22. Nc2 Rd8 23. Nb4 d4 24. Nc2 Qd5 25. cxd4 a5 26. b3 h5 27. Ne3 Qb7 28. d5 Be5 29. Qe4 Qe7 30. f4 Bd6 31. Qxe7 Bxe7 32. Kf2 Bc5 33. Kf3 Kf8 34. g4 hxg4+ 35. hxg4 Ke7 36. g5 Rh8 37. Ng4 Rh3+ 38. Kg2 Rc3 39. Re1+ Kd6 40. Re2 Kxd5 41. Nf6+ Kd4 42. Nd7 Bd6 43. Ne5 Bxe5 44. Rxe5 Rc5 45. Re7 Rc2+ 46. Kf3 Rxa2 47. Rxf7 Ra3 48. Rd7+ Kc5 49. Rd3 Ra1 50. Re3 a4 51. bxa4 bxa4 52. Re6 a3 53. Rxg6 a2 54. Ra6 Rf1+ 55. Ke4 a1Q 56. Rxa1 Rxa1 57. Ke5 Rg1 58. Kf6 Kd5 59. g6 Ke4 60. f5 Rf1 61. g7 Rxf5+ 62. Kg6 Rf1 63. g8Q Rg1+ 64. Kf7 Rxg8 65. Kxg8 1/2-1/2

[Event "Carballo Concello 6th"]
[Site "Carballo"]
[Date "2023.08.28"]
[Round "5"]
[White "Martinez Ramirez, Lennis"]
[Black "Rodriguez Lopez, Rafael"]
[Result "1-0"]
[WhiteElo "2426"]
[BlackElo "2182"]
[PlyCount "63"]
[EventDate "2023.08.25"]
[EventType "swiss"]
[EventRounds "9"]
[EventCountry "ESP"]
[SourceTitle "EXT 2024"]
[Source "ChessBase"]
[SourceDate "2023.10.10"]
[SourceVersion "1"]
[SourceVersionDate "2023.10.10"]
[SourceQuality "1"]

1. Nf3 Nf6 2. d4 d5 3. c4 e6 4. g3 Bb4+ 5. Bd2 Be7 6. Bg2 0-0 7. Qc2 c6 8. 0-0 Nbd7 9. Bf4 b6 10. Nbd2 Nh5 11. Be3 Bb7 12. Rad1 f5 13. Nb1 Rc8 14. Nc3 b5 15. b3 a5 16. cxb5 cxb5 17. Qd3 b4 18. Na4 Rc6 19. Rc1 Ba6 20. Qd2 Rxc1 21. Rxc1 Bb5 22. Ng5 Rf6 23. Qc2 h6 24. Nxe6 Qb8 25. Nc7 f4 26. gxf4 Nxf4 27. Bxf4 Rxf4 28. Nxd5 Rh4 29. Nxe7+ Kf7 30. Qg6+ Kxe7 31. Qxg7+ Ke8 32. h3 1-0

[Event "Carballo Xiria"]
[Site "Carballo"]
[Date "2023.08.23"]
[Round "5"]
[White "Rodriguez Lopez, Rafael"]
[Black "Martinez Ramirez, Lennis"]
[Result "0-1"]
[WhiteElo "2171"]
[BlackElo "2457"]
[PlyCount "146"]
[EventDate "2023.08.21"]
[EventType "tourn"]
[EventRounds "9"]
[EventCountry "ESP"]
[EventCategory "6"]
[SourceTitle "CBM 215 Extra"]
[Source "ChessBase"]
[SourceDate "2023.09.30"]
[SourceVersion "1"]
[SourceVersionDate "2023.09.30"]
[SourceQuality "1"]

1. e4 e5 2. Nf3 Nc6 3. Bb5 g6 4. d4 exd4 5. Nxd4 Bg7 6. Ne2 Nge7 7. 0-0 0-0 8. Nbc3 a6 9. Ba4 b5 10. Bb3 Na5 11. Be3 Bb7 12. Bd4 Bxd4 13. Qxd4 d6 14. Qd3 Re8 15. Nd5 Nxd5 16. Bxd5 c6 17. Bb3 d5 18. Ng3 h5 19. exd5 c5 20. Ne4 c4 21. Qd4 Rxe4 22. Qxe4 Qxd5 23. Qxd5 Bxd5 24. Rfd1 Be6 25. Rd2 Kf8 26. Rad1 Nc6 27. Rd6 Rc8 28. f3 Ke7 29. Kf2 a5 30. R1d2 a4 31. Bxa4 bxa4 32. c3 g5 33. g3 h4 34. gxh4 gxh4 35. f4 Kf6 36. R2d5 Ne7 37. Rd2 h3 38. Ra6 Rg8 39. Rxa4 Rg2+ 40. Ke1 Rg1+ 41. Kf2 Rh1 42. Kg3 Nf5+ 43. Kf3 Rf1+ 44. Ke2 Rxf4 45. Ke1 Rg4 46. Rf2 Rg1+ 47. Rf1 Rg2 48. Rf2 Ke5 49. Ra5+ Ke4 50. Rxg2 hxg2 51. Kf2 Ne3 52. h4 Bh3 53. Rg5 Ng4+ 54. Kg1 Ne5 55. Kh2 Nf3+ 56. Kxh3 Nxg5+ 57. Kxg2 Ne6 58. b4 Nf4+ 59. Kf1 Nd5 60. b5 Nb6 61. Kf2 Kf4 62. h5 Kg5 63. Ke3 f5 64. Kd4 Kxh5 65. Kc5 f4 66. Kxb6 f3 67. a4 f2 68. a5 f1Q 69. a6 Qf6+ 70. Kc7 Qe7+ 71. Kb8 Qc5 72. a7 Qb6+ 73. Ka8 Qc7 0-1

[Event "Leca da Palmeira 2nd"]
[Site "Leca da Palmeira"]
[Date "2023.08.03"]
[Round "5"]
[White "Gretarsson, Helgi Ass"]
[Black "Rodriguez Lopez, Rafael"]
[Result "1-0"]
[WhiteElo "2475"]
[BlackElo "2182"]
[PlyCount "71"]
[EventDate "2023.07.31"]
[EventType "swiss"]
[EventRounds "9"]
[EventCountry "POR"]
[SourceTitle "CBM 215 Extra"]
[Source "ChessBase"]
[SourceDate "2023.09.30"]
[SourceVersion "1"]
[SourceVersionDate "2023.09.30"]
[SourceQuality "1"]

1. c4 e6 2. Nc3 d5 3. d4 Nf6 4. Nf3 c6 5. e3 Nbd7 6. Qc2 Bd6 7. Be2 0-0 8. 0-0 dxc4 9. a4 e5 10. Bxc4 exd4 11. Nxd4 Ne5 12. Ba2 Bc7 13. h3 Ng6 14. Bd2 Qd6 15. f4 Bb6 16. Nce2 a5 17. Rad1 Qe7 18. Bb1 Re8 19. Kh2 Bg4 20. Rde1 Bxe2 21. Nf5 Qd7 22. Rxe2 Ne4 23. g4 Nxd2 24. Rxd2 Qc7 25. Qc3 f6 26. Ba2+ Kh8 27. Rd3 Rad8 28. Rxd8 Rxd8 29. Qb3 Ne7 30. Nxe7 Qxe7 31. Qxb6 Rd2+ 32. Kg3 Qe4 33. Rf2 Rd3 34. Kh2 Rd1 35. Rg2 Qxa4 36. Bb3 1-0

[Event "Famalicao op 10th"]
[Site "Vila Nova de Famalicao"]
[Date "2023.07.27"]
[Round "6"]
[White "Rodriguez Lopez, Rafael"]
[Black "Goncalves, Samuel Jesus P"]
[Result "1/2-1/2"]
[WhiteElo "2182"]
[BlackElo "2033"]
[PlyCount "79"]
[EventDate "2023.07.24"]
[EventType "swiss"]
[EventRounds "9"]
[EventCountry "POR"]
[SourceTitle "EXT 2024"]
[Source "ChessBase"]
[SourceDate "2023.10.10"]
[SourceVersion "1"]
[SourceVersionDate "2023.10.10"]
[SourceQuality "1"]

1. d4 Nf6 2. c4 e5 3. dxe5 Ng4 4. Bf4 Nc6 5. Nf3 Bb4+ 6. Nbd2 Qe7 7. e3 Ngxe5 8. Nxe5 Nxe5 9. Be2 d6 10. 0-0 a5 11. Nb3 a4 12. Nd4 a3 13. b3 0-0 14. Qc2 f5 15. Bg3 g5 16. f3 Bd7 17. Rad1 Nc6 18. Bf2 Rae8 19. Bd3 Qf7 20. e4 Ne5 21. Qc1 f4 22. Be2 Bc5 23. Kh1 Kh8 24. Qc3 Bxd4 25. Qxd4 Qg7 26. c5 Rf6 27. Qb4 dxc5 28. Qxb7 Bc6 29. Qa7 g4 30. Qxc5 g3 31. Bg1 Rh6 32. Rd2 Rg8 33. Bd1 Bd7 34. Qxc7 Rxh2+ 35. Bxh2 Qh6 36. Qxe5+ Rg7 37. Qb8+ Rg8 38. Qe5+ Rg7 39. Qb8+ Rg8 40. Qe5+ 1/2-1/2

[Event "Sunway Formentera op 2nd"]
[Site "Sant Ferran de ses Roques"]
[Date "2023.04.28"]
[Round "10"]
[White "Rodriguez Lopez, Rafael"]
[Black "Sande Edreira, Jose Antonio"]
[Result "1-0"]
[WhiteElo "2188"]
[BlackElo "2217"]
[PlyCount "91"]
[EventDate "2023.04.18"]
[EventType "swiss"]
[EventRounds "10"]
[EventCountry "ESP"]
[SourceTitle "CBM 213 Extra"]
[Source "ChessBase"]
[SourceDate "2023.05.31"]
[SourceVersion "1"]
[SourceVersionDate "2023.05.31"]
[SourceQuality "1"]

1. d4 Nf6 2. c4 g6 3. g3 Bg7 4. Bg2 0-0 5. Nf3 d6 6. 0-0 Nbd7 7. Nc3 e5 8. e4 b6 9. Re1 exd4 10. Nxd4 Bb7 11. b3 Re8 12. f3 d5 13. cxd5 Nxd5 14. Nxd5 Bxd5 15. Bb2 Bb7 16. Qc2 Nc5 17. Rad1 Qe7 18. b4 Ne6 19. Nxe6 Bxb2 20. Nxc7 Rac8 21. Qxb2 Rxc7 22. Rc1 Rec8 23. Rxc7 Rxc7 24. Rd1 Rc4 25. a3 Qc7 26. Bf1 Rc3 27. Rd8+ Qxd8 28. Qxc3 Qd1 29. Kf2 h5 30. h4 Qd6 31. Bc4 Kf8 32. e5 Qc6 33. e6 b5 34. Qf6 Qxf3+ 35. Qxf3 Bxf3 36. Bxb5 Bd1 37. exf7 Kxf7 38. Ke3 Kf6 39. Kf4 Bc2 40. Bc6 Bd1 41. a4 Bc2 42. a5 Bd1 43. Be4 Be2 44. Ke3 Bb5 45. Bd3 Be8 46. Kf4 1-0

[Event "Sunway Formentera op 2nd"]
[Site "Sant Ferran de ses Roques"]
[Date "2023.04.24"]
[Round "6"]
[White "Rodriguez Lopez, Rafael"]
[Black "Rakhmangulova, Anastasiya"]
[Result "0-1"]
[WhiteElo "2188"]
[BlackElo "2266"]
[PlyCount "84"]
[EventDate "2023.04.18"]
[EventType "swiss"]
[EventRounds "10"]
[EventCountry "ESP"]
[SourceTitle "CBM 213 Extra"]
[Source "ChessBase"]
[SourceDate "2023.05.31"]
[SourceVersion "1"]
[SourceVersionDate "2023.05.31"]
[SourceQuality "1"]

1. d4 Nf6 2. c4 g6 3. g3 Bg7 4. Bg2 d6 5. Nf3 0-0 6. 0-0 Nc6 7. Nc3 a6 8. d5 Na5 9. b3 c5 10. dxc6 Nxc6 11. Bb2 Ne4 12. Qc1 Nxc3 13. Bxc3 Bxc3 14. Qxc3 Bg4 15. Nd4 Qd7 16. Nxc6 bxc6 17. e3 Bh3 18. Bxh3 Qxh3 19. Rfd1 c5 20. e4 f5 21. exf5 Rxf5 22. Qc2 Raf8 23. Rd2 g5 24. Re1 R8f7 25. Rde2 g4 26. Qe4 Kg7 27. Qg2 Qxg2+ 28. Kxg2 h5 29. Kg1 Kf8 30. Rb1 a5 31. Rbb2 Rf3 32. Re3 Rxe3 33. fxe3 Rf6 34. a3 Kf7 35. Rf2 Ke6 36. Rf4 Ke5 37. h3 Rxf4 38. gxf4+ Kf5 39. hxg4+ Kxg4 40. Kf2 h4 41. Kg2 e6 42. Kf2 h3 0-1

[Event "Villa de Gijon op 6th"]
[Site "Gijon"]
[Date "2022.09.11"]
[Round "2"]
[White "Rodriguez Lopez, Rafael"]
[Black "Sierra Vallina, Lionel"]
[Result "1-0"]
[WhiteElo "2214"]
[BlackElo "2089"]
[PlyCount "111"]
[EventDate "2022.09.10"]
[EventType "swiss"]
[EventRounds "9"]
[EventCountry "ESP"]
[SourceTitle "CBM 210 Extra"]
[Source "ChessBase"]
[SourceDate "2022.11.30"]
[SourceVersion "1"]
[SourceVersionDate "2022.11.30"]
[SourceQuality "1"]

1. Nf3 d5 2. g3 Nf6 3. Bg2 e6 4. 0-0 Be7 5. d4 0-0 6. c4 c6 7. b3 b6 8. Qc2 Ba6 9. Nbd2 c5 10. dxc5 bxc5 11. e3 Nbd7 12. Bb2 Rc8 13. Rfe1 Qc7 14. Rad1 Rfd8 15. Bh3 Bb7 16. cxd5 exd5 17. Ng5 h6 18. Ngf3 Bc6 19. Nh4 a5 20. Bg2 a4 21. Nf5 Bf8 22. e4 axb3 23. axb3 d4 24. Rc1 Re8 25. f4 g6 26. Nh4 Qb7 27. Re2 Nb6 28. Rce1 Ng4 29. Bh3 Bd7 30. Qc1 Ne3 31. Bxd7 Qxd7 32. Ng2 Nxg2 33. Kxg2 Qb5 34. Rf2 Red8 35. Qd1 c4 36. Nxc4 Nxc4 37. bxc4 Qxc4 38. f5 d3 39. fxg6 fxg6 40. Qg4 g5 41. Qf5 Bg7 42. Rc1 Bxb2 43. Rxc4 Rxc4 44. Qf7+ Kh8 45. Rxb2 Rc2+ 46. Rxc2 dxc2 47. Qf6+ Kh7 48. Qc3 Rd1 49. Qxc2 Ra1 50. e5+ Kg7 51. Qc7+ Kg6 52. Qd6+ Kh5 53. g4+ Kh4 54. Qxh6+ Kxg4 55. Qh3+ Kf4 56. Qf3+ 1-0

[Event "Villa de Gijon op 6th"]
[Site "Gijon"]
[Date "2022.09.10"]
[Round "1"]
[White "Miranda Gonzalez, Jose Luis"]
[Black "Rodriguez Lopez, Rafael"]
[Result "0-1"]
[WhiteElo "1888"]
[BlackElo "2214"]
[PlyCount "108"]
[EventDate "2022.09.10"]
[EventType "swiss"]
[EventRounds "9"]
[EventCountry "ESP"]
[SourceTitle "CBM 210 Extra"]
[Source "ChessBase"]
[SourceDate "2022.11.30"]
[SourceVersion "1"]
[SourceVersionDate "2022.11.30"]
[SourceQuality "1"]

1. e4 c5 2. c3 Nf6 3. e5 Nd5 4. d4 cxd4 5. Nf3 Nc6 6. Bc4 Nb6 7. Bb3 d5 8. exd6 Qxd6 9. Na3 dxc3 10. Qxd6 exd6 11. Nb5 Ke7 12. 0-0 Be6 13. Nc7 Rc8 14. Nxe6 fxe6 15. Re1 d5 16. bxc3 Kf6 17. Bg5+ Kf7 18. Bf4 h6 19. Ne5+ Nxe5 20. Bxe5 Nd7 21. Bd4 Bc5 22. f4 Bxd4+ 23. cxd4 g6 24. Re2 Nf6 25. Rae1 Rc6 26. Ba4 Ra6 27. Bb5 Rb6 28. Rc2 Ne4 29. Bd3 Nd6 30. Rc7+ Kf6 31. g4 Nb5 32. Bxb5 Rxb5 33. h4 h5 34. f5 hxg4 35. fxg6 Kxg6 36. Rxe6+ Kh5 37. Kg2 Kxh4 38. Re2 Rb4 39. Rc1 Kg5 40. Re5+ Kg6 41. Rxd5 Rh3 42. Rc2 Rd3 43. Re2 Rbxd4 44. Rde5 Rd2 45. Kg3 Rxe2 46. Rxe2 Ra4 47. Rb2 b6 48. Kh4 Kf5 49. Kg3 Ra3+ 50. Kf2 g3+ 51. Kg2 Ke4 52. Rb4+ Kd3 53. Kxg3 Rxa2 54. Kf3 Kc3 0-1

[Event "Leca da Palmeira op"]
[Site "Leca da Palmeira"]
[Date "2022.08.05"]
[Round "9"]
[White "Motylev, Alexander"]
[Black "Rodriguez Lopez, Rafael"]
[Result "1-0"]
[WhiteElo "2632"]
[BlackElo "2172"]
[PlyCount "87"]
[EventDate "2022.07.31"]
[EventType "swiss"]
[EventRounds "9"]
[EventCountry "POR"]
[SourceTitle "CBM 209 Extra"]
[Source "ChessBase"]
[SourceDate "2022.09.30"]
[SourceVersion "1"]
[SourceVersionDate "2022.09.30"]
[SourceQuality "1"]

1. e4 c5 2. Nf3 d6 3. d4 cxd4 4. Nxd4 Nf6 5. Nc3 Nc6 6. Bg5 e6 7. Qd2 a6 8. 0-0-0 Bd7 9. f3 Be7 10. Kb1 Qc7 11. g4 Nxd4 12. Qxd4 b5 13. Be3 0-0 14. g5 Nh5 15. f4 Rfc8 16. Qd2 Bc6 17. Be2 b4 18. Nd5 exd5 19. Bxh5 dxe4 20. f5 Bf8 21. g6 Be8 22. gxh7+ Kh8 23. f6 Ba4 24. b3 Be8 25. Bg4 Bd7 26. Bxd7 Qxd7 27. fxg7+ Bxg7 28. Bd4 f6 29. Rhg1 Rc7 30. Qf4 Rf8 31. Qxe4 Qc6 32. Qg6 Qe8 33. Qf5 Qc8 34. Qd3 a5 35. Rdf1 Rcf7 36. Rf5 Qe6 37. Rxa5 d5 38. Rb5 Qd6 39. Bc5 Qxh2 40. Qxd5 f5 41. Rxg7 Kxg7 42. Bxf8+ Kxf8 43. Qd8+ Kg7 44. Qg8+ 1-0

[Event "Leca da Palmeira op"]
[Site "Leca da Palmeira"]
[Date "2022.08.04"]
[Round "8"]
[White "Rodriguez Lopez, Rafael"]
[Black "Martins, Bruno Andre Leite"]
[Result "1-0"]
[WhiteElo "2172"]
[BlackElo "2331"]
[PlyCount "135"]
[EventDate "2022.07.31"]
[EventType "swiss"]
[EventRounds "9"]
[EventCountry "POR"]
[SourceTitle "CBM 209 Extra"]
[Source "ChessBase"]
[SourceDate "2022.09.30"]
[SourceVersion "1"]
[SourceVersionDate "2022.09.30"]
[SourceQuality "1"]

1. e4 e6 2. d4 d5 3. Nd2 c5 4. exd5 Qxd5 5. Ngf3 Nc6 6. Bc4 Qd7 7. dxc5 Bxc5 8. 0-0 Nf6 9. c3 0-0 10. Qe2 a6 11. Rd1 Rd8 12. Bb3 Qd3 13. Qe1 b5 14. Nf1 Qe4 15. Rxd8+ Nxd8 16. Be3 Bxe3 17. Nxe3 Bb7 18. Rd1 Nc6 19. Nd4 Ne5 20. h3 Ng6 21. Bc2 Qe5 22. Bd3 Nf4 23. Bf1 N6d5 24. Ndc2 Nf6 25. Qd2 Qe4 26. Kh2 Qc6 27. Qd4 N4d5 28. Kg1 h6 29. c4 bxc4 30. Nxc4 Qa4 31. N2a3 Qb4 32. Qe5 Rd8 33. Rc1 Rc8 34. Rc2 Ne8 35. Rd2 Qc5 36. Nc2 a5 37. a3 Kf8 38. Nd4 Ba6 39. Nb3 Qa7 40. Nbxa5 Rc5 41. b4 Rc7 42. Qd4 Qb8 43. Rd1 Nef6 44. Rc1 Kg8 45. Nb3 Qc8 46. Nc5 Bxc4 47. Bxc4 Qa8 48. Qb2 Nf4 49. Bf1 Qc8 50. Rc4 N4d5 51. Qc1 Nb6 52. Rc2 Nfd5 53. Bd3 Qa8 54. Be4 Ra7 55. a4 Rc7 56. a5 Nc8 57. Bf3 Nd6 58. Nd3 Rxc2 59. Qxc2 Qa6 60. Qb3 Nc7 61. Nc5 Qa7 62. Be2 Nf5 63. Bd3 Nd4 64. Qc4 Ndb5 65. Qe4 Kf8 66. Qc6 Kg8 67. Bxb5 Qb8 68. Bf1 1-0

[Event "Leca da Palmeira op"]
[Site "Leca da Palmeira"]
[Date "2022.08.03"]
[Round "7"]
[White "Rodriguez Lopez, Rafael"]
[Black "Prieto Martin, Alfonso"]
[Result "1-0"]
[WhiteElo "2172"]
[BlackElo "2264"]
[PlyCount "141"]
[EventDate "2022.07.31"]
[EventType "swiss"]
[EventRounds "9"]
[EventCountry "POR"]
[SourceTitle "CBM 209 Extra"]
[Source "ChessBase"]
[SourceDate "2022.09.30"]
[SourceVersion "1"]
[SourceVersionDate "2022.09.30"]
[SourceQuality "1"]

1. e4 c5 2. Nf3 Nf6 3. e5 Nd5 4. Nc3 e6 5. Nxd5 exd5 6. d4 Nc6 7. c3 d6 8. Bb5 Be7 9. exd6 Bxd6 10. Qe2+ Be6 11. dxc5 Bxc5 12. Be3 Be7 13. Nd4 Bd7 14. 0-0 0-0 15. Bd3 g6 16. Nf3 Re8 17. Qd2 Bg4 18. Be2 Bf6 19. Rad1 Be6 20. Nd4 Rc8 21. Bb5 Bd7 22. Ne2 a6 23. Ba4 Ne5 24. Bxd7 Qxd7 25. Nf4 Bg7 26. Qxd5 Qe7 27. Bc1 b5 28. h3 h6 29. Qd6 Qb7 30. Qd5 Qe7 31. Qb3 Rc4 32. Nd5 Qh4 33. Be3 Qh5 34. Bf4 Kh7 35. Bg3 Nd7 36. Ne3 Nc5 37. Qc2 Rce4 38. Rd5 R4e5 39. Bxe5 Rxe5 40. Qd1 Qh4 41. Rxe5 Bxe5 42. Qd5 Qe7 43. Ng4 Bg7 44. Rd1 Na4 45. a3 Qe6 46. Qd2 Qb3 47. Rb1 h5 48. Ne3 Qa2 49. Qc2 f5 50. g3 Bh6 51. Nd1 f4 52. Qe4 fxg3 53. fxg3 Bg7 54. Rc1 Nc5 55. Qf3 Qe6 56. Nf2 Qa2 57. Rc2 Nd7 58. Kg2 Ne5 59. Qe4 Qf7 60. Re2 Nc4 61. Nd3 Nd6 62. Qf3 Nf5 63. h4 Qc4 64. Nf4 Nh6 65. Qe4 Qf7 66. Nxh5 Bf8 67. Rf2 Nf5 68. Nf4 Bc5 69. Rf3 Qb3 70. Nxg6 Qxb2+ 71. Kh3 1-0

[Event "Famalicao op 9th"]
[Site "Vila Nova de Famalicao"]
[Date "2022.07.30"]
[Round "9"]
[White "Borges, Guilherme Deola"]
[Black "Rodriguez Lopez, Rafael"]
[Result "0-1"]
[WhiteElo "2185"]
[BlackElo "2172"]
[PlyCount "60"]
[EventDate "2022.07.25"]
[EventType "swiss"]
[EventRounds "9"]
[EventCountry "POR"]
[SourceTitle "CBM 209 Extra"]
[Source "ChessBase"]
[SourceDate "2022.09.30"]
[SourceVersion "1"]
[SourceVersionDate "2022.09.30"]
[SourceQuality "1"]

1. d4 Nf6 2. c4 g6 3. Nc3 d5 4. Nf3 Bg7 5. Qb3 dxc4 6. Qxc4 0-0 7. e4 a6 8. Be2 b5 9. Qb3 c5 10. dxc5 Be6 11. Qc2 Nbd7 12. Be3 Rc8 13. Rd1 b4 14. Na4 Qa5 15. 0-0 Ng4 16. Rc1 Nxe3 17. fxe3 Bh6 18. Kf2 Nf6 19. h3 Nxe4+ 20. Qxe4 Qxa4 21. a3 a5 22. axb4 axb4 23. Nd4 b3 24. Bf3 Qa2 25. Nxe6 Qxb2+ 26. Kg3 fxe6 27. Qxe6+ Kh8 28. c6 Qd2 29. Qxb3 Qd6+ 30. Kg4 Rf4+ 0-1

[Event "Famalicao op 9th"]
[Site "Vila Nova de Famalicao"]
[Date "2022.07.27"]
[Round "5"]
[White "Goncalves, Lucas Jordao"]
[Black "Rodriguez Lopez, Rafael"]
[Result "0-1"]
[WhiteElo "1813"]
[BlackElo "2172"]
[PlyCount "72"]
[EventDate "2022.07.25"]
[EventType "swiss"]
[EventRounds "9"]
[EventCountry "POR"]
[SourceTitle "CBM 209 Extra"]
[Source "ChessBase"]
[SourceDate "2022.09.30"]
[SourceVersion "1"]
[SourceVersionDate "2022.09.30"]
[SourceQuality "1"]

1. e4 c5 2. Nf3 d6 3. d4 cxd4 4. Nxd4 Nf6 5. Nc3 a6 6. Be3 e5 7. Nb3 Be7 8. f3 h5 9. Qd2 Be6 10. Nd5 Bxd5 11. exd5 0-0 12. 0-0-0 a5 13. a4 Nbd7 14. Bb5 Nb6 15. Bxb6 Qxb6 16. Qe2 Rfc8 17. h4 Bf8 18. g4 g6 19. Rhg1 Bg7 20. Rg2 Rc7 21. Kb1 Rac8 22. Qe1 e4 23. gxh5 exf3 24. Rxg6 f2 25. Rxg7+ Kxg7 26. Qd2 Nh7 27. Nd4 Kh8 28. Qh6 f6 29. Ne6 Rg8 30. Bd3 f5 31. Bxf5 Rg1 32. Bxh7 Rxd1+ 33. Ka2 Ra1+ 34. Kxa1 f1Q+ 35. Ka2 Rxh7 36. Qg6 Qf7 0-1

[Event "Barcelona 7th"]
[Site "Barcelona"]
[Date "2022.05.13"]
[Round "6"]
[White "Rodriguez Lopez, Rafael"]
[Black "Gonzalez Perez, Arian"]
[Result "0-1"]
[WhiteElo "2176"]
[BlackElo "2415"]
[PlyCount "70"]
[EventDate "2022.05.10"]
[EventType "tourn"]
[EventRounds "9"]
[EventCountry "ESP"]
[EventCategory "6"]
[SourceTitle "CBM 208 Extra"]
[Source "ChessBase"]
[SourceDate "2022.07.31"]
[SourceVersion "1"]
[SourceVersionDate "2022.07.31"]
[SourceQuality "1"]

1. e4 Nf6 2. e5 Nd5 3. d4 d6 4. Nf3 dxe5 5. Nxe5 c6 6. Be2 Bf5 7. a3 Nd7 8. Nxd7 Qxd7 9. c4 Nf6 10. Nc3 e6 11. h3 Rd8 12. Be3 Bd6 13. g4 Bg6 14. Bf3 h6 15. Qe2 Qc7 16. 0-0-0 Qa5 17. c5 Be7 18. h4 Nd5 19. Nxd5 cxd5 20. g5 h5 21. Qd2 Qa4 22. Qc3 b6 23. b4 bxc5 24. dxc5 a5 25. Kb2 axb4 26. axb4 Rb8 27. Bd2 Rxb4+ 28. Qxb4 Qc2+ 29. Ka1 0-0 30. Qa5 Rb8 31. Bc3 Bd8 32. Rc1 Rb1+ 33. Rxb1 Bxa5 34. Rb8+ Kh7 35. Bxa5 Qxc5 0-1

[Event "Barcelona 7th"]
[Site "Barcelona"]
[Date "2022.05.12"]
[Round "4"]
[White "Rodriguez Lopez, Rafael"]
[Black "Gines Esteo, Pedro Antonio"]
[Result "0-1"]
[WhiteElo "2176"]
[BlackElo "2434"]
[PlyCount "74"]
[EventDate "2022.05.10"]
[EventType "tourn"]
[EventRounds "9"]
[EventCountry "ESP"]
[EventCategory "6"]
[SourceTitle "CBM 208 Extra"]
[Source "ChessBase"]
[SourceDate "2022.07.31"]
[SourceVersion "1"]
[SourceVersionDate "2022.07.31"]
[SourceQuality "1"]

1. e4 c6 2. Nc3 d5 3. Nf3 dxe4 4. Nxe4 Nf6 5. Qe2 Nxe4 6. Qxe4 Qa5 7. Bc4 Bf5 8. Qe5 Qxe5+ 9. Nxe5 e6 10. Bb3 Na6 11. g4 Bg6 12. d4 Nb4 13. Nxg6 hxg6 14. Bd2 0-0-0 15. Bxb4 Bxb4+ 16. c3 Ba5 17. Rd1 Rh3 18. Ke2 Bc7 19. Rd3 Rxh2 20. Rxh2 Bxh2 21. Rf3 Rd7 22. c4 Kd8 23. Rd3 e5 24. d5 e4 25. Rd2 Bf4 26. Rc2 c5 27. f3 e3 28. Rc1 Ke7 29. Bc2 Kf6 30. a3 Ke5 31. b4 Kd4 32. bxc5 Rd8 33. c6 bxc6 34. dxc6 Rh8 35. Rd1+ Kc3 36. Bd3 Rh2+ 37. Kf1 Rh1+ 0-1